000 01450nam a2200457 i 4500
001 30645
003 KOSZ 005
005 20201027133125.0
008 980702s1995 pl a f |000 0 pol
015 _aUWD 1996/4463
020 _a8385911103
035 _a991003994169705066
035 _a(PL-WaBN)b11062630-48omnis_nlop
035 _ab11062630
035 _a(OCoLC)751167718
035 _a(PL)b0000001106263
035 _a(EXLNZ-48OMNIS_NETWORK)9910145724805606
040 _aWA N
_cWA N
_dKOSZ 005/EG
080 _a597.6/.9
080 _a598.1
080 _a(438)
100 1 _aNajbar, Bartłomiej
_d(1963- )
_eAutor
245 1 0 _aPłazy i gady Polski /
_cBartłomiej Najbar.
260 _aZielona Góra :
_bWyższa Szkoła Inżynierska,
_c1995.
300 _a119, [1] s.. :
_bil., fot. kolor., mapy ;
_c24 cm.
336 _aTekst
_btxt
_2rdacontent
337 _aBez urządzenia pośredniczącego
_bn
_2rdamedia
338 _aWolumin
_bnc
_2rdacarrier
380 _aKsiążki
388 _a1901-2000
388 _a1989-2000
504 _aBibliogr. s. [120].
650 7 _aGady
_2DBN
650 7 _aPłazy
_2DBN
651 7 _aPolska
658 _aBiologia
710 2 _aWyższa Szkoła Inżynierska (Zielona Góra)
_4pbl
856 _uhttp://koha.tu.koszalin.pl/cgi-bin/koha/opac-detail.pl?biblionumber=30645
_yKatalog online BPK
942 _2UKD
_cKS
999 _c30645
_d30645